|
|
|
|
| LEADER |
00000nas a22000007a 4500 |
| 001 |
ssj0004691 |
| 003 |
WaSeSS |
| 005 |
20200512172242.0 |
| 006 |
m d |
| 007 |
cr n |
| 008 |
020723c19269999fluqr pss 0 a0eng c |
| 010 |
|
|
|a 2005216379
|
| 016 |
7 |
|
|a 9877759
|2 DNLM
|
| 016 |
7 |
|
|a A03255000
|2 DNLM
|
| 016 |
7 |
|
|a 2064580-6
|2 DE-600
|
| 022 |
|
|
|a 1558-7967
|l 0001-4826
|y 0001-4826
|
| 030 |
|
|
|a ACRVAS
|
| 035 |
|
|
|a (WaSeSS)ssj0004691
|
| 037 |
|
|
|b American Accounting Association, 5717 Bessie Dr., Sarasota, FL 34233
|c $300.00
|
| 040 |
|
|
|a BUF
|b eng
|c BUF
|d OCL
|d OCLCQ
|d OCL
|d NSD
|d EEM
|d OCLCQ
|d LGG
|d AD#
|d OCLCQ
|d OCLCO
|d VT2
|d OCLCF
|d OCLCO
|d OCLCQ
|d UUM
|d AU@
|d DCHUA
|d S2H
|d OCLCQ
|d SFB
|d WaSeSS
|
| 042 |
|
|
|a nsdp
|a pcc
|
| 050 |
1 |
4 |
|a HF5601
|
| 082 |
1 |
0 |
|a 381
|2 13
|
| 130 |
0 |
|
|a Accounting review (Online)
|
| 210 |
1 |
0 |
|a Account. rev.
|b (Online)
|
| 222 |
|
4 |
|a The accounting review
|b (Online)
|
| 245 |
1 |
4 |
|a The accounting review
|h [electronic resource].
|
| 260 |
|
|
|a Sarasota, Fla. :
|b American Accounting Association
|
| 310 |
|
|
|a Quarterly
|
| 362 |
1 |
|
|a Began with: V. 1 (Mar. 1926).
|
| 506 |
|
|
|a License restrictions may limit access.
|
| 538 |
|
|
|a Mode of access: World Wide Web.
|
| 588 |
|
|
|a Latest issue consulted: Vol. 80, no. 3 (July 2005) (viewed publishers web site No. 2, 2005).
|
| 650 |
|
0 |
|a Accounting
|v Periodicals.
|
| 650 |
|
7 |
|a Accounting.
|2 fast
|0 (OCoLC)fst00795379
|
| 650 |
|
7 |
|a Accounting.
|2 gtt
|
| 655 |
|
0 |
|a Electronic journals.
|
| 710 |
2 |
|
|a American Accounting Association.
|
| 776 |
0 |
8 |
|i Print version:
|t Accounting review
|x 0001-4826
|w (DLC) 29008222
|w (OCoLC)1460791
|
| 856 |
4 |
0 |
|z Full text available from Research Library: 01/01/1988 to 12/31/2012
|u https://search.proquest.com/publication/49211
|